书目信息 |
| 题名: |
黄土中典型有机污染物的吸附行为
|
|
| 作者: | 蒋煜峰, , 吴应琴 , 展惠英, 著 | |
| 分册: | ||
| 出版信息: | 北京 中国水利水电出版社 2018 |
|
| 页数: | 200页 | |
| 开本: | 26cm | |
| 丛书名: | ||
| 单 册: | ||
| 中图分类: | X53 | |
| 科图分类: | ||
| 主题词: | 土壤污染--Tu Rang Wu Ran--有机污染物--吸附--研究 | |
| 电子资源: | ||
| ISBN: | 978-7-5170-6574-6 | |
| 000 | 01399cam0 2200289 450 | |
| 001 | 012001003654 | |
| 005 | 20131105094147.0 | |
| 010 | @a978-7-5170-6574-6@dCNY52.00 | |
| 099 | @aCAL 012019003589 | |
| 100 | @a20190109d2018 em y0chiy50 ea | |
| 101 | 0 | @achi |
| 102 | @aCN@b110000 | |
| 105 | @aa a 000yy | |
| 106 | @ar | |
| 200 | 1 | @a黄土中典型有机污染物的吸附行为@Ahuang tu zhong dian xing you ji wu ran wu de xi fu xing wei@f蒋煜峰, 吴应琴, 展惠英著 |
| 210 | @a北京@c中国水利水电出版社@d2018 | |
| 215 | @a200页@c图@d26cm | |
| 300 | @a国家自然科学基金项目:天然有机质及生物碳对寒旱区石油污染黄土中典型游记污染物环境行为的影响的研究(No.41363008), 国家自然科学基金项目:西部地区石油污染物的土-水-气界面迁移转化及风险评价(No.21067005), 国家自然科学基金面上项目:严重生物降解稠油油源关系惊喜对比新方法研究(No.41772147), 甘肃省“飞天学者”特聘计划, 兰州交通大学百名青年优秀人才培养计划基金 | |
| 320 | @a有书目 | |
| 330 | @a本书以甘肃省的黄土环境为切入点,概括地介绍了研究的背景及意义,而后又详细讨论了土壤的吸附行为、吸附机理等,最后对研究结果进行了总结,并对未来的研究方向进行了展望性的表述。 | |
| 606 | 0 | @a土壤污染@ATu Rang Wu Ran@x有机污染物@x吸附@x研究 |
| 690 | @aX53@v5 | |
| 701 | 0 | @a蒋煜峰,@AJiang Yufeng@f1977-@4著 |
| 701 | 0 | @a吴应琴@AWu Yingqin@4著 |
| 701 | 0 | @a展惠英,@AZhan Huiying@f1974-@4著 |
| 801 | 0 | @aCN@b上海新华@c20191020 |
| 905 | @b1206142-5@dX53@e224@f4 | |
| 黄土中典型有机污染物的吸附行为/蒋煜峰, 吴应琴, 展惠英著.-北京:中国水利水电出版社,2018 |
| 200页:图;26cm |
| 国家自然科学基金项目:天然有机质及生物碳对寒旱区石油污染黄土中典型游记污染物环境行为的影响的研究(No.41363008), 国家自然科学基金项目:西部地区石油污染物的土-水-气界面迁移转化及风险评价(No.21067005), 国家自然科学基金面上项目:严重生物降解稠油油源关系惊喜对比新方法研究(No.41772147), 甘肃省“飞天学者”特聘计划, 兰州交通大学百名青年优秀人才培养计划基金 |
| ISBN 978-7-5170-6574-6:CNY52.00 |
| 本书以甘肃省的黄土环境为切入点,概括地介绍了研究的背景及意义,而后又详细讨论了土壤的吸附行为、吸附机理等,最后对研究结果进行了总结,并对未来的研究方向进行了展望性的表述。 |
| ● |
| 相关链接 |
|
|
|
|
正题名:黄土中典型有机污染物的吸附行为
索取号:X53/224
 
预约/预借
| 序号 | 登录号 | 条形码 | 馆藏地/架位号 | 状态 | 备注 |
| 1 | 1206142 | 212061427 | 第二样本阅览室/ [索取号:X53/224] | 在馆 | |
| 2 | 1206143 | 212061436 | 第三借阅区/ [索取号:X53/224] | 在馆 | |
| 3 | 1206144 | 212061445 | 第三借阅区/ [索取号:X53/224] | 在馆 | |
| 4 | 1206145 | 212061454 | 第三借阅区/ [索取号:X53/224] | 在馆 |